[Event "Challengers Cup"]
[Site "Tacoma Chess Club"]
[Date "2007.12.30"]
[Round "4"]
[White "Greninger, Harley"]
[Black "MacGregor, Michael"]
[Result "1-0"]
[WhiteElo "2213"]
[BlackElo "2203"]
[Annotator "Harrison"]
[PlyCount "63"]
[EventDate "2007.12.??"]
[Source "Harrison"]
[SourceDate "2008.01.01"]

{Black had a perfect score going into the last round and needed only a draw to
advance to the Washington Championship, while white was a full point behind
and needed a win to catch up and force a playoff.} 1. d4 Nf6 2. Nf3 g6 3. Nc3
d5 4. Bf4 Bg7 5. e3 Bf5 6. Be2 O-O 7. Ne5 c5 8. O-O cxd4 9. exd4 Nbd7 10. Bf3
Nb6 11. Ne2 Rc8 12. c3 Ne4 13. Ng3 Nxg3 14. hxg3 f6 15. Ng4 g5 16. Bc1 Bxg4 ({
This was black's last chance to play} 16... e5 {to exchange his backward
e-pawn. The weakness on the e-file and e6 will be black's Achilles heel.}) 17.
Bxg4 f5 18. Be2 f4 (18... e5 $6 19. dxe5 Bxe5 20. Be3 $14 {>< d5}) 19. gxf4
gxf4 20. Bg4 Rc6 21. Re1 $16 Rh6 22. Qf3 Qd6 23. b3 Rf7 24. a4 $1 e6 25. Ba3 $1
{White activates his "bad" bishop and connects his rooks in preparation for
doubling on the e-file.} Qc6 26. Re2 (26. Ra2 $1 {was a more efficient way to
double the rooks, because the bishop can retreat to c1 without interfering.}
Bf8 27. Bc1 Na8 28. Rae2 Nc7 29. Bh5 $1 Rf5 30. g4 $1 $18 {
when it is not possible to play 30...} fxg3 {because of} 31. Qxg3+ Kh8 32. Bxh6
) 26... Bf8 27. Bc1 (27. Bxf8 Rxf8 28. Rae1 Rff6 29. c4 $1 $18 {,} {if} dxc4
30. Qxc6 bxc6 31. a5 Nd7 32. bxc4) 27... Rff6 (27... Na8 $5 {
with the idea ...Nc7} 28. Bxf4 (28. c4 $5 Nc7 $1 29. Bh5 Rf5 30. g4 Rg5 31. Kf1
$1 $16 (31. Bf7+ $2 Kxf7 32. Qxf4+ Ke8 $1 33. Qxg5 dxc4 $1 $17)) 28... Rhf6 29.
Qg3 Rxf4 30. Bxe6+ Kh8 31. Bxf7 Rxf7 32. Rae1 Nc7 $16 {
and white is still better}) 28. Bxf4 Bd6 $6 {Diagram #} 29. Bxh6 $1 (29. Qg3 $5
Rhg6 30. Bxd6 $18 {is also good}) 29... Rxf3 30. gxf3 Kf7 31. Rxe6 Qc7 32. Rae1
1-0

[Event "Challengers Cup"]
[Site "Tacoma Chess Club"]
[Date "2007.12.30"]
[Round "4"]
[White "Bragg, David"]
[Black "Calpo, Benjamin"]
[Result "1-0"]
[WhiteElo "2200"]
[BlackElo "2067"]
[PlyCount "115"]
[EventDate "2007.12.??"]
[Source "Harrison"]
[SourceDate "2008.01.01"]

1. e4 e5 2. Nf3 Nc6 3. Bc4 Nf6 4. d3 Bc5 5. Be3 Bxe3 6. fxe3 d5 7. exd5 Nxd5 8.
Qe2 Be6 9. O-O O-O 10. Nbd2 h6 11. g3 Qe7 12. e4 Nf6 13. Bxe6 Qxe6 14. Kg2 Rad8
15. h3 Rd7 16. g4 Rfd8 17. Nc4 Nh7 18. Qe3 Nf8 19. g5 Ng6 20. gxh6 Nf4+ 21. Kf2
Qxh6 22. Ncxe5 Nxh3+ 23. Ke2 Nxe5 24. Qxh6 gxh6 25. Nxe5 Re7 26. Ng4 Rd6 27.
Rh1 Rg6 28. Rxh3 Rxg4 29. Rxh6 Rg2+ 30. Kf3 $1 Rg5 (30... Rxc2 $2 31. Rg1+ Kf8
32. Rh8#) 31. Rah1 Rd7 32. R1h2 Kg7 33. R6h5 Rg6 34. Rg2 Rdd6 35. Rhg5 Rb6 36.
b3 Rbc6 37. c4 Rcf6+ 38. Ke3 Rf1 39. Rxg6+ fxg6 40. d4 Re1+ 41. Re2 Rh1 42. e5
Rh3+ 43. Ke4 Rh4+ 44. Kd3 g5 45. e6 Rh8 46. Rf2 Re8 47. Rf7+ Kg6 48. d5 g4 49.
Ke3 c6 50. Kf4 b5 51. Rxa7 bxc4 52. bxc4 g3 53. Ra3 cxd5 54. Rxg3+ Kf6 55. cxd5
Ra8 56. Re3 Ke7 57. a3 Rh8 58. Ke5 1-0

[Event "Challengers Cup"]
[Site "Tacoma Chess Club"]
[Date "2007.12.30"]
[Round "4"]
[White "Do, Nhon"]
[Black "Bartron, Paul"]
[Result "1-0"]
[WhiteElo "2082"]
[BlackElo "2081"]
[Annotator "Harrison"]
[PlyCount "115"]
[EventDate "2007.12.??"]
[Source "Harrison"]
[SourceDate "2008.01.01"]

1. c4 c6 2. d4 d5 3. Nf3 dxc4 4. e4 Bg4 5. Bxc4 e6 6. Be3 Nf6 7. Qd3 Nbd7 8.
Nbd2 Be7 9. O-O O-O 10. Rfe1 Qc7 11. Rac1 Rac8 12. a3 Rfd8 13. b4 a5 14. Qb1
Qb8 15. Bg5 Re8 16. e5 Bf5 17. Bd3 Bxd3 18. Qxd3 Nd5 19. Bxe7 Rxe7 20. Ng5 Nf8
21. bxa5 h6 22. Nge4 Qa7 23. Nc4 Qa6 24. Qg3 Kh8 25. Nc5 Qa7 26. Rb1 Rb8 27.
Rb3 Nd7 28. Nxd7 Rxd7 29. Rd1 Ne7 30. Nb6 Rc7 31. Qc3 Rd8 32. Qc5 Nd5 33. g3
Qa6 34. Nc4 Ra8 35. Rdb1 {and here the remaining moves were almost
indecipherable. My best guess is that the game continued as follows} Ne7 36.
R1b2 Nc8 37. Nd6 Rd7 38. a4 Qxa5 39. Qxa5 Rxa5 40. Nxb7 Ra8 41. Nc5 Rda7 42.
Rb4 g5 43. Kg2 Kg7 44. Kf3 Kg6 45. g4 Ne7 46. Rb7 Rxb7 47. Rxb7 Nd5 48. Rb3 f5
49. h3 Ra7 {I had to invent this move and white's next in order to reconstruct
the position which actually occurred in the game.} 50. Kg2 h5 51. f3 Nf4+ 52.
Kh2 hxg4 53. fxg4 fxg4 54. hxg4 Ne2 55. Nxe6 Rxa4 56. Rb7 Nxd4 {Diagram #} 57.
Nf8+ Kh6 58. Rh7# 1-0

[Event "Challengers Cup"]
[Site "Tacoma Chess Club"]
[Date "2007.12.30"]
[Round "4"]
[White "Smith, Allen"]
[Black "Pupols, Viktors"]
[Result "0-1"]
[WhiteElo "1978"]
[BlackElo "2202"]
[Annotator "Harrison"]
[PlyCount "58"]
[EventDate "2007.12.??"]
[Source "Harrison"]
[SourceDate "2008.01.01"]

1. e4 e6 2. d4 d5 3. Nc3 Nf6 4. Bg5 Be7 5. e5 Ne4 6. Bxe7 Nxc3 7. Bxd8 Nxd1 8.
Bxc7 Nxb2 9. Rb1 Nc4 10. Bxc4 dxc4 11. Rb4 Na6 12. Rxc4 b5 13. Rc3 Bb7 14. Ne2
b4 $1 15. Rc5 (15. Rc4 Rc8 $19) 15... Nxc5 16. dxc5 Bd5 17. c3 a5 18. Kd2 Bxa2
19. cxb4 axb4 20. Ra1 O-O 21. Nd4 Bd5 22. Rb1 Ra2+ 23. Ke3 b3 24. c6 Rc8 25.
Bd6 Bxc6 26. Nxc6 Rxc6 27. Rxb3 h5 28. Be7 Rcc2 29. Bh4 Re2+ 0-1

[Event "Challengers Cup"]
[Site "Tacoma Chess Club"]
[Date "2007.12.30"]
[Round "4"]
[White "Hadzic, Huso"]
[Black "Chen, Howard"]
[Result "1-0"]
[WhiteElo "2190"]
[BlackElo "1993"]
[PlyCount "67"]
[EventDate "2007.12.??"]
[Source "Harrison"]
[SourceDate "2008.01.01"]

1. e4 e5 2. Nf3 Nc6 3. Bb5 a6 4. Ba4 Nf6 5. Qe2 Be7 6. O-O b5 7. Bb3 O-O 8. c3
d5 9. d3 Bb7 10. exd5 Nxd5 11. Nxe5 Nxe5 12. Qxe5 Bd6 13. Qg5 Qd7 14. a4 Rae8
15. axb5 axb5 16. d4 Re4 17. f3 h6 18. Qd2 Rh4 19. g3 Rh3 20. Qg2 Bc6 21. Na3
h5 22. c4 h4 23. cxd5 hxg3 24. dxc6 Qc8 25. f4 Qg4 26. Bd1 Qh4 27. Rf3 Rxh2 28.
Qxg3 Rh1+ 29. Kg2 Qxg3+ 30. Rxg3 Rxd1 31. Nxb5 Bxf4 32. Bxf4 Rxa1 33. Nxc7 Rb8
34. b3 1-0

[Event "Challengers Cup"]
[Site "Tacoma Chess Club"]
[Date "2007.12.30"]
[Round "4"]
[White "O'Gorman, Peter"]
[Black "June, Peter"]
[Result "1/2-1/2"]
[WhiteElo "1810"]
[BlackElo "1859"]
[Annotator "Harrison"]
[PlyCount "78"]
[EventDate "2007.12.??"]
[Source "Harrison"]
[SourceDate "2008.01.01"]

1. e4 e5 2. Nf3 Nc6 3. d4 exd4 4. Bc4 Nf6 5. O-O Be7 6. Re1 d5 7. exd5 Nxd5 8.
Nxd4 Nxd4 9. Qxd4 Be6 10. Nc3 Nxc3 11. Qxc3 Bxc4 {Diagram #} 12. Qxg7 $1 Rf8
13. Bg5 Be6 14. Rad1 Qc8 15. Bh6 a5 16. Qxh7 Bf5 17. Qg7 Be6 {Diagram #} 18.
Re5 $6 (18. f4 $3 $18 {wins outright, because of the threat f4-f5.} {
Black blocks with 18...} f5 ({
If either bishop moves, the other bishop will be pinned, for example} 18... Bf5
19. Qxf8#) (18... Bc5+ 19. Kh1 {doesn't help}) {Then} 19. Qg6+ Bf7 {Diagram #}
20. Rxe7+ $3 Kxe7 21. Bg5+ Ke8 22. Qf6 {mates in 6 moves, i.e.} {22...} Qd7 23.
Re1+ Qe6 24. Rxe6+ Kd7 25. Qe7+ Kc8 26. Qxf8+ Kd7 27. Qxf7+ Kc8 28. Re8#) 18...
Ra6 19. Qh7 Bf6 20. Bxf8 Bxe5 21. Qg8 f5 22. Qg5 Kxf8 23. Rd8+ Qxd8 24. Qxd8+
Kf7 25. g3 Rc6 26. c3 a4 27. Qa8 Rb6 28. Qa5 Kf6 29. f4 Bd6 30. c4 Rc6 31. Qc3+
Kg6 32. b3 axb3 33. axb3 Bc5+ 34. Kg2 Bd7 35. Qh8 Kf7 36. Qh7+ Ke8 37. h4 Rb6
38. h5 Bf8 39. Qh8 Rh6 1/2-1/2

[Event "Challengers Playoff Semi-final g/10"]
[Site "Tacoma Chess Club"]
[Date "2007.12.30"]
[Round "?"]
[White "Bragg, David"]
[Black "MacGregor, Michael"]
[Result "0-1"]
[WhiteElo "2200"]
[BlackElo "2203"]
[Annotator "Harrison"]
[PlyCount "109"]
[EventDate "2007.12.??"]
[Source "Harrison"]
[SourceDate "2008.01.01"]

1. e4 e5 2. Nf3 Nc6 3. Bb5 a6 4. Ba4 f5 5. exf5 e4 6. Qe2 Qe7 7. Bxc6 dxc6 8.
Nd4 Nf6 9. Nc3 Qe5 10. Ne6 Bxe6 11. fxe6 Bd6 12. b3 O-O-O 13. Bb2 Rhe8 14.
O-O-O Qxe6 15. h3 Qf5 16. g3 Bc5 {Black has won a small advantage} 17. Rdf1 Qf3
18. Qe1 Rd7 19. Kb1 Red8 20. Bc1 Bd4 21. Ne2 Be5 22. Rh2 Nd5 23. Ng1 $1 {
This undeveloping retreat allows white to beat off the black attack and
equalize.} Qf5 24. Qe2 Bf6 25. f4 exf3 26. Rxf3 Qe5 {Black should not have
traded queens because white has better pawn structure and potential piece
locations for the endgame. Black's pawn structure is worse and since his
pieces are already placed aggressively it is hard to improve them.} 27. Qxe5
Bxe5 28. Re2 Bf6 29. c3 Re7 30. Rxe7 Nxe7 31. Kc2 Ng6 32. d4 b5 33. b4 Re8 {
around this point the players started to play too fast for me to keep score
and I may have got the move order wrong.} 34. Kd3 Kd7 35. Ne2 Ne7 36. Bd2 {
I'm not sure if this move (which prevents a later ...Re1) was actually played
but white needed to spend a tempo to arrive at the position which follows.} Nc8
37. g4 h6 38. Ng3 {From this point forward the moves are accurately recorded.
Someone thought long enough for me to catch up.} ({The players missed} 38. Bxh6
$1) 38... Nb6 39. Ne4 {White has improved his knight and now has the advantage}
Be7 40. Rf7 Nc4 $2 (40... Rg8 {would have kept the damage to the minimum}) 41.
Rxg7 Rf8 42. Bxh6 Rf3+ 43. Ke2 Rxh3 44. Bg5 {Black is now losing a piece, but
was determined to play quickly and hope white would lose on time.} Kc8 45. Rxe7
Rh2+ 46. Kd3 Rh3+ 47. Ke2 Rh2+ 48. Kf3 Rxa2 49. Nc5 Nd6 50. Rh7 Kb8 51. Bf4 Rc2
52. Bxd6 cxd6 53. Nxa6+ Kc8 {And here both players were moving too fast for
keeping score. I think the following moves were} 54. Rc7+ Kd8 55. Rxc6 {
and white lost on time about 10 moves later, before he could queen a pawn and
deliver checkmate.} 0-1

[Event "Challengers Playoff Semi-final g/10"]
[Site "Tacoma Chess Club"]
[Date "2007.12.30"]
[Round "?"]
[White "Greninger, Harley"]
[Black "Do, Nhon"]
[Result "1-0"]
[WhiteElo "2213"]
[BlackElo "2082"]
[Annotator "Calpo"]
[PlyCount "58"]
[EventDate "2007.12.??"]
[Source "Harrison"]
[SourceDate "2008.01.01"]

1. d4 Nf6 2. Nf3 d6 3. Bf4 g6 4. Nbd2 Bg7 5. e4 O-O 6. h3 c5 7. c3 cxd4 8. cxd4
Qa5 9. Bd3 Nc6 10. O-O Bd7 11. a3 Nh5 12. Be3 e5 13. b4 Qd8 14. Nb3 Qe7 15.
dxe5 Nxe5 16. Nxe5 Bxe5 17. Rc1 Qh4 18. Qd2 Nf4 19. g3 Nxh3+ 20. Kg2 Qh5 21.
Rh1 Bg4 22. Be2 Bxe2 23. Rxh3 Bf3+ 24. Kh2 Qg4 25. Bf4 Bxf4 26. Qxf4 Qxf4 27.
gxf4 Bxe4 28. Re3 Bc6 29. Na5 Rfe8 {and the remaining moves could not be
recorded. White won the endgame many moves later.} 1-0

[Event "Challengers Playoff Final g/10"]
[Site "Tacoma Chess Club"]
[Date "2007.12.30"]
[Round "?"]
[White "Greninger, Harley"]
[Black "MacGregor, Michael"]
[Result "1-0"]
[WhiteElo "2213"]
[BlackElo "2203"]
[Annotator "Harrison"]
[PlyCount "102"]
[EventDate "2007.12.??"]
[Source "Harrison"]
[SourceDate "2008.01.01"]

1. d4 Nf6 2. Nf3 g6 3. Nc3 d5 4. Bf4 Bg7 5. e3 c5 6. dxc5 O-O 7. Bb5 a6 8. Ba4
Qa5 9. Qd2 Qxc5 10. Bb3 Nc6 11. O-O Be6 12. Nd4 Nxd4 13. exd4 Qc6 14. Rfe1 Rfe8
(14... b5 {This was black's last chance to play ...b5, although it's not
entirely desirable because white can challenge it later with a2-a4, and when
black pushes on with b5-b4 white will move the knight from c3 and then play
c2-c3, possibly activating his queenside pawn majority for the endgame.}) 15.
a4 $1 b6 $6 {Now the a6-pawn becomes weak and this factor will decide the game.
} ({The alternative is for black to play something like} 15... Rad8 {
as in the game, allowing white to play either 16.Be5 or} 16. a5 {with the threa
t of 17.Ba4 and also the maneuver Na4-b6. Black's position is unpleasant but
not actually losing material and white would still have the burden of finding
a winning plan of attack under time pressure.}) 16. Be5 Rad8 17. Qe2 $1 Ra8 $6
(17... a5 {gives up the b5-square to the white knight, but if} 18. Nb5 Ne4 19.
Bxg7 Kxg7 20. f3 Nd6 {white has an edge, but perhaps black's position is more
defensible than in the game.}) 18. h3 Ne4 $2 {Sensing that his position is
worse, black decides not to let white methodically dominate the game, but to
create complications and counterplay. Unfortunately this does not turn out
well for black.} 19. Nxe4 Bxe5 20. dxe5 dxe4 21. Bxe6 Qxe6 22. Qxe4 {So white h
as won a solid pawn on e5 and black still has weak pawns on the queenside and
no counterplay.} Rac8 23. b3 a5 {Transferring the weakness from a6 to b6.} 24.
c4 Rcd8 25. Rad1 Qc8 26. Rd5 (26. e6 {was another win, but white is justified
in continuing his plan for endgame domination.}) 26... e6 27. Rd6 Qc5 28. Red1
{White is obviously winning by this stage.} Rc8 29. Qd4 {Exchanging off
black's only active piece will ensure that black will not have counterplay.
This is good endgame technique.} Qxd4 ({Black's original intention was} 29...
Qb4 {but then he saw something like} 30. Rxb6 {. Black inquired whether he had
to move the queen because of touch-move, but white said that black could play
whatever he wanted to.}) 30. R1xd4 Rb8 31. Rd7 Rec8 32. R4d6 Kf8 33. Ra7 Rd8
34. Rxd8+ Rxd8 35. Rb7 Rd1+ 36. Kh2 Re1 37. Rxb6 (37. f4 g5 38. fxg5 Rxe5 39.
Rxb6 Rxg5 40. Rb5 $18 {is another alternative}) 37... Rxe5 38. Rb5 Re2 39. Rxa5
Rxf2 40. c5 Rc2 41. b4 Kg7 (41... Ke7 {may have been played instead. I'm not
sure. Both players were moving quickly now.}) 42. Ra7 Kf6 43. Rc7 Rc4 44. b5
Rxa4 45. b6 Rb4 46. b7 Ke5 47. c6 Kd6 48. Rc8 h5 49. b8=Q+ Rxb8 50. Rxb8 Kxc6
51. Rd8 h4 {and here I was unable to record the remaining moves. White was not
in serious time trouble, and was able to force black to resign several moves
later.  With this game Harley Greninger finally won the right to play in the
2008 Washington Championship.} 1-0

[Event "Reserve Section"]
[Site "Tacoma Chess Club"]
[Date "2007.12.29"]
[Round "1"]
[White "Oberly, Calvin"]
[Black "Meliti, David"]
[Result "0-1"]
[WhiteElo "1069"]
[BlackElo "1757"]
[PlyCount "44"]
[EventDate "2007.12.??"]
[Source "Harrison"]
[SourceDate "2008.01.01"]

1. e4 c5 2. Nf3 d6 3. d4 cxd4 4. Nxd4 Nf6 5. Nc3 a6 6. Be2 e5 7. Nf5 Bxf5 8.
exf5 d5 9. Bg5 Bb4 10. O-O Bxc3 11. bxc3 Nbd7 12. Rb1 Rb8 13. c4 d4 14. Bf3 Qc7
15. Bd5 Nxd5 16. cxd5 f6 17. Bh4 Qc5 18. Qg4 Qxd5 19. Qxg7 $4 Rg8 20. Qxg8+
Qxg8 21. Rb2 Qg4 22. g3 Qxf5 0-1

[Event "Reserve Section"]
[Site "Tacoma Chess Club"]
[Date "2007.12.29"]
[Round "1"]
[White "Buck, Stephen"]
[Black "Yu, Justin"]
[Result "1-0"]
[WhiteElo "1783"]
[BlackElo "1391"]
[PlyCount "69"]
[EventDate "2007.12.??"]
[Source "Harrison"]
[SourceDate "2008.01.01"]

1. c4 e5 2. Nc3 Nc6 3. g3 Nf6 4. Bg2 Be7 5. Nf3 O-O 6. O-O d5 7. cxd5 Nxd5 8.
d3 Be6 9. Bd2 Qd7 10. a3 f5 11. Ng5 h6 12. Nxe6 Qxe6 13. Bxd5 Qxd5 14. Nxd5 Bd6
15. Bc3 Kh7 16. e4 f4 17. gxf4 exf4 18. Qg4 g5 19. d4 Ne7 20. Nxe7 Bxe7 21. e5
Kg6 22. Qd7 Bd8 23. d5 Rf7 24. Qb5 Rb8 25. e6 Rf8 26. Qd3+ Kh5 27. d6 cxd6 28.
Qxd6 Bb6 29. e7 Rfe8 30. Bg7 Kg4 31. Bxh6 Kh4 32. Rae1 Kg4 33. Qxb8 Rxb8 34.
e8=Q Rxe8 35. Rxe8 1-0

[Event "Reserve Section"]
[Site "Tacoma Chess Club"]
[Date "2007.12.29"]
[Round "1"]
[White "Lopez, Alex"]
[Black "Jusak, Jeremy"]
[Result "0-1"]
[WhiteElo "353"]
[BlackElo "1556"]
[PlyCount "30"]
[EventDate "2007.12.??"]
[Source "Harrison"]
[SourceDate "2008.01.01"]

1. e4 c5 2. d3 Nc6 3. Nf3 d6 4. Nc3 g6 5. h4 Nf6 6. g3 Bg4 7. Bh3 Bg7 8. Bg5
Bxh3 9. Rxh3 Qd7 10. g4 Nxg4 11. Qd2 Nge5 12. Nd5 Qxh3 13. Nf6+ exf6 14. Qf4
Nxf3+ 15. Kd1 Qf1# 0-1

[Event "Reserve Section"]
[Site "Tacoma Chess Club"]
[Date "2007.12.29"]
[Round "2"]
[White "Meliti, David"]
[Black "Subramani, Ramsamy"]
[Result "1-0"]
[WhiteElo "1757"]
[BlackElo "1305"]
[PlyCount "73"]
[EventDate "2007.12.??"]
[Source "Harrison"]
[SourceDate "2008.01.01"]

1. e4 c5 2. Nf3 d6 3. Bb5+ Nc6 4. Nc3 a6 5. Bxc6+ bxc6 6. d4 cxd4 7. Nxd4 Bb7
8. Be3 e5 9. Nb3 Nf6 10. f3 d5 11. exd5 cxd5 12. Bg5 Bb4 13. O-O Bxc3 14. bxc3
Rc8 15. Qe1 Qc7 16. Qh4 Qb6+ 17. Kh1 Rxc3 18. Rfe1 Nd7 19. Bd2 Rxc2 20. Ba5 Qf6
21. Qb4 Qg6 22. Nd2 Qc6 23. Rab1 Ba8 24. Qa3 f6 25. Rbc1 Kf7 26. Rxc2 Qxc2 27.
Rc1 Qf5 28. Qd6 Qe6 29. Qc7 Rb8 30. Nb3 Kg6 31. Nc5 Bc6 32. Nxd7 Re8 33. Rxc6
Qf7 34. Nxe5+ Rxe5 35. Qxe5 Qb7 36. Qg3+ Kf7 37. Rc7+ 1-0

[Event "Reserve Section"]
[Site "Tacoma Chess Club"]
[Date "2007.12.29"]
[Round "2"]
[White "Jusak, Jeremy"]
[Black "Buck, Stephen"]
[Result "0-1"]
[WhiteElo "1556"]
[BlackElo "1783"]
[PlyCount "62"]
[EventDate "2007.12.??"]
[Source "Harrison"]
[SourceDate "2008.01.01"]

1. e4 c5 2. Nf3 d6 3. d4 cxd4 4. Nxd4 Nf6 5. Nc3 a6 6. Be2 e6 7. f4 Qc7 8. O-O
Be7 9. Be3 Nc6 10. Nb3 b5 11. a3 O-O 12. f5 Ne5 13. Nd2 Bb7 14. Bf4 Rfd8 15.
fxe6 fxe6 16. Bxe5 Qc5+ 17. Kh1 Qxe5 18. Bd3 Rac8 19. Nf3 Qh5 20. Qd2 Ng4 21.
Qf4 Rf8 22. Qg3 Ne3 23. Rf2 Nc4 24. Rb1 Nxa3 25. Rbf1 Nc4 26. Nd4 Rxf2 27. Rxf2
Qh6 28. Qg4 Nxb2 29. Nxe6 Nxd3 30. cxd3 Rxc3 31. Qf5 Rc1+ 0-1

[Event "Reserve Section"]
[Site "Tacoma Chess Club"]
[Date "2007.12.29"]
[Round "3"]
[White "Buck, Stephen"]
[Black "Meliti, David"]
[Result "0-1"]
[WhiteElo "1783"]
[BlackElo "1757"]
[PlyCount "112"]
[EventDate "2007.12.??"]
[Source "Harrison"]
[SourceDate "2008.01.01"]

1. c4 e5 2. Nc3 Nf6 3. g3 d5 4. cxd5 Nxd5 5. Bg2 Nxc3 6. bxc3 Bc5 7. Nf3 Nc6 8.
O-O f6 9. Qb3 Rb8 10. Ba3 Bxa3 11. Qxa3 Qe7 12. Qxe7+ Kxe7 13. d4 Bg4 14. e3
Rhd8 15. Nd2 Be2 16. Rfc1 Ba6 17. Ne4 Bc4 18. Nc5 Na5 19. Ne4 b6 20. Nd2 Bd3
21. Nf3 Nc4 22. Ne1 Bg6 23. Nc2 a5 24. Bf1 Nd2 25. Bg2 Be4 26. Ne1 Bxg2 27.
Kxg2 Nc4 28. Nf3 c6 29. Kf1 e4 30. Ng1 a4 31. a3 b5 32. Ne2 Nd2+ 33. Kg2 Nb3
34. f3 exf3+ 35. Kxf3 Nxa1 36. Rxa1 Kd6 37. Nf4 f5 38. Nd3 Re8 39. Ne5 Rxe5 40.
dxe5+ Kxe5 41. Rd1 Rb7 42. Rd4 g5 43. Rd8 c5 44. g4 fxg4+ 45. Kxg4 h6 46. Kh5
Rb6 47. Rh8 Kd5 48. Re8 Re6 49. Rd8+ Kc4 50. Rb8 Rxe3 51. Kxh6 Rh3+ 52. Kxg5
Rxh2 53. Kf5 Ra2 54. Ke5 Rxa3 55. Kd6 Rxc3 56. Rc8 Rd3+ {and here the players
stopped recording moves, either due to time trouble or resignation.} 0-1

[Event "Reserve Section"]
[Site "Tacoma Chess Club"]
[Date "2007.12.29"]
[Round "3"]
[White "Vanmane, Amith"]
[Black "Lopez, Alex"]
[Result "1-0"]
[WhiteElo "1086"]
[BlackElo "353"]
[PlyCount "47"]
[EventDate "2007.12.??"]
[Source "Harrison"]
[SourceDate "2008.01.01"]

1. e4 e5 2. Nf3 Nc6 3. Bc4 Nf6 4. Ng5 d5 5. exd5 Nb4 6. d6 cxd6 7. Nxf7 Qa5 8.
Nxh8 Bg4 9. f3 Bf5 10. Bb3 d5 11. c3 Nd3+ 12. Kf1 e4 13. Bc2 Qb5 14. Qe2 Nxc1
15. Qxb5+ Nd7 16. Qxd5 O-O-O 17. Nf7 Re8 18. Qxf5 Re7 19. Nd6+ Kc7 20. Nxe4 g6
21. Qf4+ Kc6 22. Qd6+ Kb5 23. Ba4+ Kxa4 24. Qb4# 1-0

[Event "Reserve Section"]
[Site "Tacoma Chess Club"]
[Date "2007.12.30"]
[Round "4"]
[White "Meliti, David"]
[Black "Lai, Jingzhou"]
[Result "1-0"]
[WhiteElo "1757"]
[BlackElo "1613"]
[PlyCount "63"]
[EventDate "2007.12.??"]
[Source "Harrison"]
[SourceDate "2008.01.01"]

1. e4 e6 2. d3 d5 3. Nd2 Nf6 4. g3 c5 5. Bg2 Nc6 6. Ngf3 Be7 7. O-O O-O 8. Re1
Qc7 9. Qe2 b5 10. e5 Nd7 11. Nf1 Ba6 12. h4 b4 13. Bf4 c4 14. d4 Qa5 15. Qe3
Rab8 16. N1h2 Qa4 17. b3 Qa3 18. h5 Qb2 19. h6 g6 20. Qd2 Qa3 21. Ng4 Qa5 22.
Bh3 Qd8 23. Ng5 Qb6 24. Rad1 c3 25. Qe3 Nxd4 26. Rxd4 Bc5 27. Red1 Bxd4 28.
Qxd4 Be2 29. Qxb6 Rxb6 30. Re1 Bxg4 31. Bxg4 Ra6 32. Ra1 {and the players
stopped recording moves due to mutual time trouble. Black ran out of time
later.} 1-0

[Event "Reserve Section"]
[Site "Tacoma Chess Club"]
[Date "2007.12.30"]
[Round "4"]
[White "Subramani, Ramsamy"]
[Black "Buck, Stephen"]
[Result "0-1"]
[WhiteElo "1305"]
[BlackElo "1783"]
[PlyCount "120"]
[EventDate "2007.12.??"]
[Source "Harrison"]
[SourceDate "2008.01.01"]

1. e4 c5 2. Nf3 d6 3. d4 cxd4 4. Nxd4 Nf6 5. Nc3 a6 6. Bg5 e6 7. Be2 Be7 8. O-O
Nc6 9. Nb3 b5 10. a3 Bb7 11. Qd2 Qc7 12. Rad1 Rd8 13. Kh1 Ne5 14. f3 O-O 15.
Bf4 Nc4 16. Bxc4 bxc4 17. Nc1 Qb6 18. Na4 Qb5 19. Qb4 Qxb4 20. axb4 d5 21. e5
Nd7 22. c3 Bc6 23. Nc5 Nxc5 24. bxc5 Bxc5 25. Ne2 a5 26. Nd4 Bxd4 27. cxd4 Rb8
28. Rf2 Rb3 29. Ra1 a4 30. Ra3 Rfb8 31. Rxb3 Rxb3 32. Rc2 Kf8 33. Kg1 Ke7 34.
Kf2 Kd7 35. Ke2 Bb5 36. Kd1 Kc6 37. Kc1 Rd3 38. Rd2 c3 39. bxc3 Rxc3+ 40. Rc2
Rxc2+ 41. Kxc2 Bf1 42. Bc1 Bxg2 43. f4 Kb5 44. Kc3 Bf1 45. h4 Be2 46. Ba3 f6
47. Bf8 fxe5 48. fxe5 g6 49. Be7 Bc4 50. Ba3 Bb3 51. Bc1 Kc6 52. Bd2 Kd7 53.
Be3 Ke8 54. Bd2 Kf7 55. Be3 Kg7 56. Bd2 h6 57. Be3 Bd1 58. Kb2 g5 59. hxg5 hxg5
60. Bxg5 Kg6 0-1